000 00890nam a2200217Ia 4500
999 _c38172
_d38172
001 4162
003 GE_BSU
005 20190920160853.0
008 181216s1986||||ge |||||||||||||| ||geo||
040 _cGE_BSU
041 _ageo
080 _a398(479.22) ქ–27
245 _aქართული ფოლკლორი :
_bმასალები და გამოკვლევები. ტ.16 /
_cრედ.: ჯ. ბარდაველიძე
264 _aთბ.:
_bმეცნიერება,
_c1986.
300 _a155გვ. ;
_b21სმ.
504 _a ბიბლიოგრ. ტექსტის შენიშვნ.
520 _aრეზიუმე რუს. ენაზე.
653 _aქართული ფოლკლორი
700 _aბარდაველიძე, ჯ.
_eრედაქტორი
_94203
942 _cBK
_2udc